Economic mobilization for national defence (Record no. 357090)

000 -LEADER
fixed length control field 00447cam a22001457a 4500
008 - FIXED-LENGTH DATA ELEMENTS--GENERAL INFORMATION
fixed length control field 180718b1966 xxu||||| |||| 00| 0 eng d
082 ## - DEWEY DECIMAL CLASSIFICATION NUMBER
Classification number N104x54 Ag15
100 ## - MAIN ENTRY--PERSONAL NAME
Personal name Agarwala, A.N.
245 ## - TITLE STATEMENT
Title Economic mobilization for national defence
Statement of responsibility, etc. by A.N. Agarwala
260 ## - PUBLICATION, DISTRIBUTION, ETC.
Place of publication, distribution, etc. Bombay
Name of publisher, distributor, etc. Asia
Date of publication, distribution, etc. 1966
300 ## - PHYSICAL DESCRIPTION
Extent 126p.
440 ## - SERIES STATEMENT/ADDED ENTRY--TITLE
Title Allahabad University Magazine Students publication aid series, 1
500 ## - GENERAL NOTE
General note Rs.10.50
650 ## - SUBJECT ADDED ENTRY--TOPICAL TERM
Topical term or geographic name entry element War - Finance - India
Holdings
Withdrawn status Lost status Damaged status Not for loan Permanent Location Current Location Date acquired Full call number Barcode Date last seen Price effective from Koha item type
        Indian Institute of Public Administration Indian Institute of Public Administration 1994-01-11 N104x54 Ag15 39468 2018-07-21 2018-07-21 Book

Powered by Koha